Detalles MARC
| 000 -LEADER |
| fixed length control field |
02841nam a2200493Ii 4500 |
| 001 - CONTROL NUMBER |
| control field |
DIGUANDES047 |
| 003 - CONTROL NUMBER IDENTIFIER |
| control field |
NyNyDIG |
| 008 - FIXED-LENGTH DATA ELEMENTS--GENERAL INFORMATION |
| fixed length control field |
160301e201403 ck ob 000 0 spa d |
| 006 - FIXED-LENGTH DATA ELEMENTS--ADDITIONAL MATERIAL CHARACTERISTICS |
| fixed length control field |
m o d |
| 007 - PHYSICAL DESCRIPTION FIXED FIELD--GENERAL INFORMATION |
| fixed length control field |
cr ||||||||||| |
| 020 ## - INTERNATIONAL STANDARD BOOK NUMBER |
| International Standard Book Number |
9789586959520 |
| Qualifying information |
(eBook ; |
| -- |
pdf) |
| 020 ## - INTERNATIONAL STANDARD BOOK NUMBER |
| International Standard Book Number |
958695952X |
| Qualifying information |
(eBook ; |
| -- |
pdf) |
| 020 ## - INTERNATIONAL STANDARD BOOK NUMBER |
| Canceled/invalid ISBN |
9789586959513 |
| 020 ## - INTERNATIONAL STANDARD BOOK NUMBER |
| Canceled/invalid ISBN |
9586959511 |
| 035 ## - SYSTEM CONTROL NUMBER |
| System control number |
(OCoLC)942005104 |
| 040 ## - CATALOGING SOURCE |
| Original cataloging agency |
DGITA |
| Language of cataloging |
eng |
| Description conventions |
rda |
| -- |
pn |
| Transcribing agency |
DGITA |
| 043 ## - GEOGRAPHIC AREA CODE |
| Geographic area code |
s-ck--- |
| 050 14 - LIBRARY OF CONGRESS CALL NUMBER |
| Classification number |
KHH5116 eBook |
| 245 03 - TITLE STATEMENT |
| Title |
La objeción de conciencia como un derecho : |
| Remainder of title |
estrategia jurídica para su reconocimiento frente al servicio militar / |
| Statement of responsibility, etc. |
Grupo de Derecho de Interés Público, Manuel Iturralde (compilador), Mariana Castrellón (estudio preliminar). |
| 250 ## - EDITION STATEMENT |
| Edition statement |
Primera edición. |
| 264 #1 - PRODUCTION, PUBLICATION, DISTRIBUTION, MANUFACTURE, AND COPYRIGHT NOTICE |
| Place of production, publication, distribution, manufacture |
Bogotá, Colombia : |
| Name of producer, publisher, distributor, manufacturer |
Universidad de los Andes, Facultad de Derecho, |
| Date of production, publication, distribution, manufacture, or copyright notice |
marzo de 2014. |
| 300 ## - PHYSICAL DESCRIPTION |
| Extent |
1 online resource. |
| 336 ## - CONTENT TYPE |
| Content type term |
text |
| Content type code |
txt |
| Source |
rdacontent |
| 337 ## - MEDIA TYPE |
| Media type term |
computer |
| Media type code |
c |
| Source |
rdamedia |
| 338 ## - CARRIER TYPE |
| Carrier type term |
online resource |
| Carrier type code |
cr |
| Source |
rdacarrier |
| 490 1# - SERIES STATEMENT |
| Series statement |
Textos útiles. |
| -- |
Serie Derecho de interés público |
| 504 ## - BIBLIOGRAPHY, ETC. NOTE |
| Bibliography, etc. note |
Includes bibliographical references. |
| 505 0# - FORMATTED CONTENTS NOTE |
| Formatted contents note |
La objeción de conciencia al servicio militar en Colombia : análisis de la Sentencia C-728 de 2009 y de sus efectos frente a los objetores de conciencia -- Demanda de inconstitucionalidad contra el artículo 27de la Ley 48 de 1993 -- Intervención ciudadana de la Comisión Colombiana de Juristas -- Intervención ciudadana de DeJusticia -- Intervención ciudadana Acción Colectiva de Objetoras y Objetores de Conciencia (ACOOC) -- Sentencia C-728/09 -- Salvamento de voto de los magistrados María Victoria Calle Correa, Juan Carlos Henao Pérez, Jorge Iván Palacio Palacio y Luis Ernesto Vargas Silva a la Sentencia C-728 de 2009. |
| 588 0# - SOURCE OF DESCRIPTION NOTE |
| Source of description note |
Online resource; title from PDF title page (Digitalia, viewed March 1, 2016) |
| 650 #0 - SUBJECT ADDED ENTRY--TOPICAL TERM |
| Topical term or geographic name entry element |
Conscientious objection |
| Geographic subdivision |
Colombia. |
| 650 #0 - SUBJECT ADDED ENTRY--TOPICAL TERM |
| Topical term or geographic name entry element |
Conscientious objection |
| General subdivision |
Legal status, laws, etc. |
| Geographic subdivision |
Colombia. |
| 650 #0 - SUBJECT ADDED ENTRY--TOPICAL TERM |
| Topical term or geographic name entry element |
Draft |
| General subdivision |
Law and legislation |
| Geographic subdivision |
Colombia. |
| 655 #0 - INDEX TERM--GENRE/FORM |
| Genre/form data or focus term |
Electronic books. |
| 700 1# - ADDED ENTRY--PERSONAL NAME |
| Personal name |
Iturralde, Manuel A., |
| Relator term |
compiler. |
| 700 1# - ADDED ENTRY--PERSONAL NAME |
| Personal name |
Castrellón, Mariana, |
| Relator term |
contributor agent of text. |
| 710 1# - ADDED ENTRY--CORPORATE NAME |
| Corporate name or jurisdiction name as entry element |
Universidad de los Andes (Bogotá, Colombia). |
| Subordinate unit |
Grupo de Derecho de Interés Público. |
| 776 08 - ADDITIONAL PHYSICAL FORM ENTRY |
| Relationship information |
Print version: |
| Title |
Objeción de conciencia como un derecho. |
| Place, publisher, and date of publication |
Bogotá, Colombia : Universidad de los Andes, Facultad de Derecho, 2014. |
| International Standard Book Number |
9789586959513 |
| Record control number |
(OCoLC)889441526 |
| 793 0# - |
| -- |
Digitalia eBook Collection: |
| -- |
Universidad de los Andes |
| 791 2# - |
| -- |
Digitalia (Firm), |
| -- |
distributor. |
| 830 #0 - SERIES ADDED ENTRY--UNIFORM TITLE |
| Uniform title |
Textos útiles. |
| Name of part/section of a work |
Serie Derecho de interés público. |
| 856 40 - ELECTRONIC LOCATION AND ACCESS |
| Materials specified |
Digitalia Hispánica |
| Uniform Resource Identifier |
<a href="https://www.digitaliapublishing.com/a/39307/">https://www.digitaliapublishing.com/a/39307/</a> |
| 910 ## - USER-OPTION DATA (OCLC) |
| User-option data |
Premium Collection: 2016 |
| 942 ## - ADDED ENTRY ELEMENTS (KOHA) |
| Koha item type |
Recurso Electrónico |